| 000 | 00432nam a2200169Ia 4500 | ||
|---|---|---|---|
| 008 | 230917s9999||||xx |||||||||||||| ||und|| | ||
| 020 | _cUSD80 | ||
| 040 |
_e256197 _aMAIN |
||
| 041 | _aEnglish | ||
| 082 | _a647.94 R674R | ||
| 100 | _a3G E-Learning | ||
| 245 | 0 | _aRoom service management | |
| 260 |
_aUSA _b3G E-Learning _c2017 |
||
| 300 | _aix, 232 p. | ||
| 500 | _a3492 15/07/2019 IBS19/41 16/07/2019 IHTM (SFS) | ||
| 942 | _cBK | ||
| 999 |
_c31501 _d31501 |
||